000 00653nam a2200193 i 4500
001 78523
003 ES-MaACL
005 20250903084337.0
007 t|
008 041014s1905 gw ||||1| ger d
100 1 _aHarrassowitz, Otto.
_961889
245 1 0 _aBücher-Katalog.
_n, . 286,
_pItalianische Geschichte, Sprache und Literaur /
_cOtto Harrassowitz, Buchhandlung und Antiquariat.
260 _aLeipzig :
_bHarrassowitz,
_c1905.
300 _a73 p. ;
_c22 cm.
650 4 _aCatálogos de editores-
_zAlemania
_912066
650 7 _aCatálogos de editores-
_yS.XX
_2
_9169795
852 _aES-MaACL
_jT-1121-F-6
999 _c78523
_d78523